000 00806nam a2200241Ia 4500
003 OSt
005 20220923220705.0
006 a|||||r|||| 00| 0
007 ta
008 220922b |||||||| |||| 00| 0 hin d
024 _a189,212
037 _cTextual
040 _aARTS
_cARTS
_bhin
041 _2hin
_ahin
082 _aO152,2N17,15, J8
100 _aदुग्गल, कर्तार सिंह
245 0 _aबुद्ध शरण गक्ष्छामि
246 _aBuddha sharaṇ gakṣhchhāmi
260 _aदिल्ली
_b एम0 गुलाबसिंह एण्ड संस
_c1958
300 _a119 पृ.
_ccm.
942 _hO152,2N17,15, J8
_cTEXL
_2CC
999 _c342065
_d342065